| 000 | 01088nam0a22002651 4500 | ||
|---|---|---|---|
| 001 | rc\3455523 | ||
| 005 | 20260407130929.0 | ||
| 021 |
_aRU _b[70-64618] |
||
| 035 | _a(NLR Aleph) 007893599 | ||
| 090 |
_a7993550 _c7993550 |
||
| 100 | _a20130115d1970 |||y0rusy50 ca | ||
| 101 | 0 | _arus | |
| 102 | _aRU | ||
| 105 | _ay z ||||| | ||
| 200 | 1 | _aОсновы законодательства Союза ССР и союзных республик о здравоохранении | |
| 210 |
_aМосква _c[Известия] _d1970 |
||
| 215 |
_a32 с. _d20 |
||
| 532 | 1 | 2 | _aОсновы законодательства Союза Советских Социалистических Республик и союзных республик о здравоохранении |
| 606 |
_aЗдравоохранение в СССР _xЗаконодательство _2psbo |
||
| 742 | 1 |
_aСССР _tЗаконы и постановления _3RU\NLR\AUTH\889980004 _9456309 |
|
| 801 | 0 |
_aRU _bNLR _gpsbo |
|
| 801 | 1 |
_aRU _bELAR _2rusmarc |
|
| 852 |
_aNLR _j70-4/18909 |
||
| 942 | _cBOOK | ||
| 980 | _aNB | ||